LEADER 00860nam0-22003011i-450 001 990001692940403321 005 20190529131322.0 035 $a000169294 035 $aFED01000169294 035 $a(Aleph)000169294FED01 035 $a000169294 100 $a20030910f19..----km-y0itay50------ba 101 0 $aita 102 $aIT 200 1 $a<>nocciolo coltura di alto reddito per l'Appennino parmense$fAldo Lavezzini 210 $aParma$c[s.n.$d19..] 215 $a15 p.$d25 cm 300 $aEstr. da: L'Avvenire parmense. 610 0 $aCorylus 676 $a634.54 700 1$aLavezzini,$bAldo$0354580 801 0$aIT$bUNINA$gRICA$2UNIMARC 901 $aLG 912 $a990001692940403321 952 $a60 OP. 51/44$b37062$fFAGBC 959 $aFAGBC 996 $aNocciolo coltura di alto reddito per l'Appennino parmense$9360807 997 $aUNINA